Modelovanie paralelných procesov pomocou Petriho siete

V predmete Operačné systémy je chápaný proces ako systémový objekt charakterizovaný svojím pamäťovým priestorom a kontextom. Proces je teda program v štádiu vykonávania či inštancie programu pri jeho vykonávaní. Petriho siete ako jeden z najpoižívanejších nástrojov pre modelovanie a návrh zložitých...

Ausführliche Beschreibung

Gespeichert in:
Bibliographische Detailangaben
1. Verfasser: Klimeš, Cyril
Weitere Verfasser: Balogh, Zoltán
Format: Buchkapitel
Sprache:Slowakisch
Schlagworte:
Tags: Tag hinzufügen
Keine Tags, Fügen Sie das erste Tag hinzu!

MARC

LEADER 00000naa$a2200000$$$4500
001 0036060
005 20231010123454.1
041 0 |a slo 
044 |a SK 
245 1 0 |a Modelovanie paralelných procesov pomocou Petriho siete  |c Cyril Klimeš, Zoltán Balogh 
520 |a V predmete Operačné systémy je chápaný proces ako systémový objekt charakterizovaný svojím pamäťovým priestorom a kontextom. Proces je teda program v štádiu vykonávania či inštancie programu pri jeho vykonávaní. Petriho siete ako jeden z najpoižívanejších nástrojov pre modelovanie a návrh zložitých systémov s paralelnými procesmi a hierarchickou štruktúrou. Modelovacie nástroje Petriho sietí. Príklady modelovania problémov paralelných procesov. 
610 2 0 |a modelovanie 
610 2 0 |a systémy operačné 
610 2 0 |a programovanie sieťové 
610 2 0 |a simulácia 
100 1 |a Klimeš, Cyril 
700 1 |a Balogh, Zoltán